Children's world encylopedia / (Record no. 60669)
[ view plain ]
| 000 -LEADER | |
|---|---|
| fixed length control field | 01905nam a22003017a 4500 |
| 005 - DATE AND TIME OF LATEST TRANSACTION | |
| control field | 20120111094918.0 |
| 010 ## - LCCN (DPL NO) | |
| LC control number | B-476540-476545 |
| 020 ## - INTERNATIONAL STANDARD BOOK NUMBER | |
| International Standard Book Number | 8121933501 |
| Terms of availability | 499.00 |
| 020 ## - INTERNATIONAL STANDARD BOOK NUMBER | |
| International Standard Book Number | 9788121933506 |
| Terms of availability | 499.00 |
| 035 ## - SYSTEM CONTROL NUMBER | |
| System control number | B-476540-476545 |
| 037 ## - SOURCE OF ACQUISITION | |
| Source of stock number/acquisition | pub |
| 082 ## - DEWEY DECIMAL CLASSIFICATION NUMBER | |
| Classification number | 930.03 |
| 100 ## - MAIN ENTRY--PERSONAL NAME | |
| Personal name | Connolly, Sean |
| 245 ## - TITLE STATEMENT | |
| Title | Children's world encylopedia / |
| Statement of responsibility, etc | by Sean Connolly |
| 260 ## - PUBLICATION, DISTRIBUTION, ETC. (IMPRINT) | |
| Place of publication, distribution, etc | Rudrapur : |
| Name of publisher, distributor, etc | Nirja Publishers & Printers, |
| Date of publication, distribution, etc | 2010. |
| 270 ## - ADDRESS | |
| City | Rudrapur |
| 300 ## - PHYSICAL DESCRIPTION | |
| Extent | 246p. |
| Other physical details | ill, photos (col.) |
| Dimensions | 26cm (Hb) |
| 500 ## - GENERAL NOTE | |
| General note | Includes index |
| 942 ## - ADDED ENTRY ELEMENTS (KOHA) | |
| Source of classification or shelving scheme | Dewey Decimal Classification |
| Item type | Children Books |
| Classification part | 930.03 |
| Call number suffix | CON |
| Withdrawn status | Lost status | Not for loan | Collection code | Home library | Current library | Date acquired | Source of acquisition | Cost, normal purchase price | Full call number | Barcode | Copy number | Cost, replacement price | Koha item type |
|---|---|---|---|---|---|---|---|---|---|---|---|---|---|
| Reference | Janak Puri | Janak Puri | 14/09/2012 | Blueberry/ 8278/30.03.12/43/20.03.12/30.03.12 | 499.00 | 930.03 CON | B-476542 | 1 | 499.00 | Children Books | |||
| Reference | Jor Bagh (Children Lib) | Jor Bagh (Children Lib) | 14/09/2012 | Blueberry/ 8278/30.03.12/43/20.03.12/30.03.12 | 499.00 | 930.03 CON | B-476540 | 1 | 499.00 | Children Books | |||
| Reference | Karol Bagh | Karol Bagh | 14/09/2012 | Blueberry/ 8278/30.03.12/43/20.03.12/30.03.12 | 499.00 | 930.03 CON | B-476544 | 1 | 499.00 | Children Books | |||
| Reference | Patel Nagar | Patel Nagar | 14/09/2012 | Blueberry/ 8278/30.03.12/43/20.03.12/30.03.12 | 499.00 | 930.03 CON | B-476541 | 1 | 499.00 | Children Books | |||
| Reference | Sarojini Nagar | Sarojini Nagar | 14/09/2012 | Blueberry/ 8278/30.03.12/43/20.03.12/30.03.12 | 499.00 | 930.03 CON | B-476543 | 1 | 499.00 | Children Books | |||
| Reference | Shahdara Branch | Shahdara Branch | 14/09/2012 | Blueberry/ 8278/30.03.12/43/20.03.12/30.03.12 | 499.00 | 930.03 CON | B-476545 | 1 | 499.00 | Children Books |
